A híradóparancsnok tájékoztató jelentése

Elmentve itt :
Bibliográfiai részletek
Szerző: László István
Dokumentumtípus: Cikk
Megjelent: 1950
Sorozat:Honvéd : katonai folyóirat 5 No. 4
Kulcsszavak:Hadtudomány
Online Access:http://misc.bibl.u-szeged.hu/14521
LEADER 00574nab a2200169 i 4500
001 misc14521
005 20191106141735.0
008 170607s1950 hu o 0|| hun d
040 |a SZTE Miscellanea Repozitórium  |b hun 
041 |a hun 
100 1 |a László István 
245 1 2 |a A híradóparancsnok tájékoztató jelentése  |h [elektronikus dokumentum] /  |c  László István 
260 |c 1950 
300 |a 80-82 
490 0 |a Honvéd : katonai folyóirat  |v 5 No. 4 
695 |a Hadtudomány 
856 4 0 |u http://misc.bibl.u-szeged.hu/14521/1/honved_005_004_080-082.pdf  |z Dokumentum-elérés